000
00253nam a2200109Ia 4500
008
200302s9999 xx 000 0 und d
100
_a
Yuri Borev
245
_a
Aesthetics A Text Book
260
_b
Progress Publishers
260
_c
1985
300
_a
329 P.,
999
_c
2293
_d
2293